|
|
|
|
| LEADER |
00983cam a2200277 7i4500 |
| 001 |
0000148018 |
| 005 |
20231211090000.0 |
| 008 |
200114t20192019my # ### #00001eng## |
| 020 |
# |
# |
|a 9789839256981
|
| 040 |
# |
# |
|a UMT
|b eng
|c UMT
|d PNM
|e rda
|
| 090 |
0 |
0 |
|a HJ 2950.6 .M4
|b C4 2019
|
| 100 |
1 |
# |
|a Choong, Kwai Fatt
|e author
|
| 245 |
1 |
0 |
|a Malaysian taxation :
|b principles and practice
|c Choong Kwai Fatt.
|
| 250 |
# |
# |
|a Twenty Fifth edition
|
| 264 |
# |
1 |
|a Kuala Lumpur:
|b Infoworld,
|c [2019]
|
| 264 |
# |
4 |
|c ♭2019
|
| 300 |
# |
# |
|a xxix, 659 pages;
|c 26 cm
|
| 336 |
# |
# |
|a text --
|2 rdacontent
|
| 337 |
# |
# |
|a unmediated --
|2 rdamedia
|
| 338 |
# |
# |
|a volume --
|2 rdacarrier
|
| 590 |
# |
# |
|a Fakulti Perniagaan, Ekonomi dan Pembangunan Sosial
|
| 650 |
0 |
0 |
|a Taxation --
|z Malaysia
|
| 650 |
0 |
0 |
|a Tax Planning --
|z Malaysia
|
| 650 |
0 |
0 |
|a Tax administration and procedure --
|z Malaysia
|
| 999 |
|
|
|a 1100108710
|b Book
|c Open Shelf
|e KOLEKSI TERBUKA
|
| 999 |
|
|
|a 1100108709
|b Book
|c Open Shelf
|e KOLEKSI TERBUKA
|